01639 a2200169 45000010006000000050017000060080041000230030015000640400040000790800066001192450042001852500011002272640035002383000019002735051153002921000024014452513820260407155534.0260407a1971 arg spa dAR-UNSa-BCEJYS aAR-UNSa-BCEJYSbspacAR-UNSa-BCEJYS a519.21xTeoría de probabilidades y procesos estocásticos 10aTeoría estadística y aplicaciones a3a. ed 1aBuenos Aires :bKapeluszc1971 a448 p.c23 cm. aParte I : Cálculo de probabilidades.distribuciones : 1. Introducción a la estadística - 2. Probabilidad - 3. Variable aleatoria - 4. Pruebas repetidas - 5. La función normal y otras distribuciones elementales - 6. Distribuciones para la inferencia exacta - 7. Complementos sobre teoremas límites - Parte II : Estadística descriptiva : 8. Capacitación y complicación de datos - 9. Representaciones gráficas - 10. Series de frecuencias - 11. Ajuste e importación - 12. Series de frecuencia : concentración - 13. Números índices - 14. Teoría de atributos cualitativos - 15. Distribuciones bivariantes y multivariantes - 16. Regresión y correlación - 17. Regresión y correlación múltiples - 18. Análisis de series cronológicas - 19. Series cronológicas(continuación) - 20. Nociones sobre procesos estocásticos y análisis espectral - Parte III : Inferencia estadística : 21. Introducción a la inferencia : Uso de la distribución normal - 22. Inferencia exacta.Tests de hipótesis - 23. Teoría de la estimación - 24. Métodos de estimación - 25. Aplicaciones de la teoría de las muestras.1 aToranzos, Fausto I.